| 000 | 00408nam a2200145Ia 4500 | ||
|---|---|---|---|
| 008 | 130318s9999 xx 000 0 und d | ||
| 020 | _a8120321340 | ||
| 082 | _a658.404, NIC/P | ||
| 100 | _aNicholas, John M | ||
| 245 | _aProject management for business and technology: Principles and practice | ||
| 250 | _a2 | ||
| 260 |
_bPHI Learning _aNew Delhi _c2002 |
||
| 300 |
_a603 _e1 CD |
||
| 650 | _aPROJECT MANAGEMENT | ||
| 999 |
_c556 _d556 |
||